| 000 | 00849cam a22002651a 4500 | ||
|---|---|---|---|
| 001 | rc 01003493 | ||
| 003 | DLC | ||
| 005 | 20260227111910.0 | ||
| 007 | cr_||||||||||| | ||
| 008 | 800425s1883 mdu 000 0aeng | ||
| 010 | _arc 01003493 | ||
| 035 | _a(OCoLC)6245758 | ||
| 040 |
_aDLC _cVi _dMnHi _dDLC |
||
| 042 | _apremarc | ||
| 043 | _an-us-md | ||
| 050 | 0 | 0 |
_aF189.P7 _bM9 |
| 100 | 1 |
_aMurray, James, _d1814- |
|
| 245 | 1 | 0 |
_aHistory of Pocomoke City, formerly New Town : _bfrom its origin to the present time / _cby James Murray. |
| 260 |
_aBaltimore : _bCurry, Clay & Co., _c1883. |
||
| 300 |
_a239 p. ; _c20 cm. |
||
| 530 | _aAlso available in digital form on the Internet Archive Web site. | ||
| 651 | 0 |
_aPocomoke City (Md.) _xHistory. |
|
| 600 | 1 | 0 |
_aMurray, James, _d1814- |
| 856 | 4 | 1 | _uhttp://hdl.loc.gov/loc.gdc/scd0001.00143138161 |
| 999 |
_c52586 _d52586 |
||